00723nam a2200217Ia 4500003000900000008004100009020001800050040001600068080001600084245009600100260003700196300001000233650004100243650002700284650001900311700002700330700002700357942000700384999001500391952009900406IN-BaIIA211028s9999 xx 000 0 eng d a2-86332-021-1 cIIA Library a524.45bCLU 0aClustering in the universebL'univers et ses structurescedited by D. Gerbal and A. Mazure. aFrancebEditions Frontiersc1983 a349p. aAstronomy and astrophysics thesaurus aGalaxy clusters913872 aUniverse91987 aGerbal, D., ed.913873 aMazure, A., ed.913874 cBK c8270d8270 00104070aBANbBANcGENd1985-05-16l0o524.45/ CLUp9114r2021-11-05w1985-05-16yBK 46.00